书目信息 |
| 题名: |
温克尔曼的希腊艺术图景
|
|
| 作者: | 高艳萍 著 | |
| 分册: | ||
| 出版信息: | 北京 北京大学出版社 2016 |
|
| 页数: | 256页 | |
| 开本: | 23cm | |
| 丛书名: | 诗学与美学研究丛书 | |
| 单 册: | ||
| 中图分类: | J110.92 | |
| 科图分类: | ||
| 主题词: | 古典艺术--gu dian yi shu--研究--古希腊 | |
| 电子资源: | ||
| ISBN: | 978-7-301-27550-4 | |
| 000 | 01078nam0 22002651 450 | |
| 001 | 1738633838 | |
| 005 | 20170627164702.0 | |
| 010 | @a978-7-301-27550-4@dCNY42.00 | |
| 100 | @a20161208d2016 kemy0chiy50 ea | |
| 101 | 0 | @achi@eeng |
| 102 | @aCN@b110000 | |
| 105 | @aa v 000yy | |
| 106 | @ar | |
| 200 | 1 | @a温克尔曼的希腊艺术图景@9wen ke er man de xi la yi shu tu jing@f高艳萍著 |
| 210 | @a北京@c北京大学出版社@d2016 | |
| 215 | @a256页@c图@d23cm | |
| 225 | 2 | @a诗学与美学研究丛书@9shi xue yu mei xue yan jiu cong shu |
| 300 | @a博雅 | |
| 330 | @a本书作者围绕温克尔曼的希腊雕塑批评、美学理论、艺术史写作及视觉经验,通过作品研究、文本细读、哲学分析和历史研究等方法,对温克尔曼的希腊艺术图景及其生成做出独特而深入的分析和阐释。也借此揭示温克尔曼美学思想的嬗变,并掀开温克尔曼的别异于同期“美学之父”鲍姆嘉通的艺术美学风景。 | |
| 461 | 0 | @12001 @a诗学与美学研究丛书 |
| 606 | 0 | @a古典艺术@9gu dian yi shu@x研究@x古希腊 |
| 690 | @aJ110.92@v5 | |
| 701 | 0 | @a高艳萍@9gao yan ping@c(美学)@4著 |
| 801 | 0 | @aCN@bTANGWEI@c20170626 |
| 905 | @b1016588-93@dJ110.92@e129@f6 | |
| 温克尔曼的希腊艺术图景/高艳萍著 .-北京:北京大学出版社,2016 |
| 256页:图;23cm.-(诗学与美学研究丛书) |
| 博雅 |
| ISBN 978-7-301-27550-4:CNY42.00 |
| 本书作者围绕温克尔曼的希腊雕塑批评、美学理论、艺术史写作及视觉经验,通过作品研究、文本细读、哲学分析和历史研究等方法,对温克尔曼的希腊艺术图景及其生成做出独特而深入的分析和阐释。也借此揭示温克尔曼美学思想的嬗变,并掀开温克尔曼的别异于同期“美学之父”鲍姆嘉通的艺术美学风景。 |
| ● |
| 相关链接 |
|
|
|
|
正题名:温克尔曼的希腊艺术图景
索取号:J110.92/129
 
预约/预借
| 序号 | 登录号 | 条形码 | 馆藏地/架位号 | 状态 | 备注 |
| 1 | 1016588 | 210165881 | 第一借阅区/ [索取号:J110.92/129] | 在馆 | |
| 2 | 1016589 | 210165890 | 教育系资料室/ [索取号:J110.92/129] | 在馆 | |
| 3 | 1016590 | 210165907 | 教育系资料室/ [索取号:J110.92/129] | 在馆 | |
| 4 | 1016591 | 210165916 | 教育系资料室/ [索取号:J110.92/129] | 在馆 | |
| 5 | 1016592 | 210165925 | 第一借阅区/ [索取号:J110.92/129] | 在馆 | |
| 6 | 1016593 | 210165934 | 第一借阅区/ [索取号:J110.92/129] | 在馆 | |
| 7 | 987217 | 209872173 | 第一样本阅览室/ [索取号:J110.92/129] | 在馆 | |
| 8 | 987218 | 209872182 | 密集书库-美术系/ [索取号:J110.92/129] | 在馆 | |
| 9 | 987219 | 209872191 | 第一借阅区/ [索取号:J110.92/129] | 在馆 | |
| 10 | 987220 | 209872208 | 第一借阅区/ [索取号:J110.92/129] | 在馆 |